[Event "MPJ C16"]
[Site "?"]
[Date "2016.03.17"]
[Round "6.1"]
[White "Koziol, Kamil"]
[Black "Walter, Szymon"]
[Result "1/2-1/2"]
[LiveChessVersion "1.4.8"]
[BlackElo "2148"]
[WhiteElo "2258"]

1. d4 {[%clk 1:30:53]} Nf6 {[%clk 1:30:08]} 2. c4 {[%clk 1:31:00]} g6
{[%clk 1:30:18]} 3. Nc3 {[%clk 1:31:21]} d5 {[%clk 1:30:24]} 4. cxd5
{[%clk 1:31:35]} Nxd5 {[%clk 1:30:37]} 5. e4 {[%clk 1:31:59]} Nxc3
{[%clk 1:30:38]} 6. bxc3 {[%clk 1:32:23]} Bg7 {[%clk 1:30:44]} 7. Bb5+
{[%clk 1:32:47]} c6 {[%clk 1:27:56]} 8. Ba4 {[%clk 1:33:08]} Qd6 {[%clk 1:15:52]}
9. Ne2 {[%clk 1:30:09]} O-O {[%clk 1:12:46]} 10. Bf4 {[%clk 1:18:52]} e5
{[%clk 1:01:11]} 11. dxe5 {[%clk 1:16:50]} Qe7 {[%clk 0:58:25]} 12. Qd6
{[%clk 0:59:08]} Re8 {[%clk 0:57:04]} 13. O-O-O {[%clk 0:49:18]} Nd7
{[%clk 0:43:40]} 14. f3 {[%clk 0:39:43]} Bxe5 {[%clk 0:39:17]} 15. Qxe7
{[%clk 0:37:30]} Bxf4+ {[%clk 0:27:36]} 16. Nxf4 {[%clk 0:37:55]} Rxe7
{[%clk 0:27:59]} 17. h4 {[%clk 0:34:41]} Re8 {[%clk 0:20:39]} 18. h5
{[%clk 0:32:01]} Nc5 {[%clk 0:17:49]} 19. Bc2 {[%clk 0:20:26]} Be6
{[%clk 0:15:03]} 20. hxg6 {[%clk 0:18:05]} hxg6 {[%clk 0:15:09]} 21. Nxe6
{[%clk 0:12:50]} Rxe6 {[%clk 0:12:04]} 22. Kd2 {[%clk 0:08:20]} Kg7
{[%clk 0:11:46]} 23. Ke3 {[%clk 0:08:42]} Rae8 {[%clk 0:11:23]} 24. Kf4
{[%clk 0:07:42]} Rf6+ {[%clk 0:10:54]} 25. Ke3 {[%clk 0:06:52]} Rfe6
{[%clk 0:10:59]} 26. Kf4 {[%clk 0:06:44]} Rf6+ {[%clk 0:10:28]} 27. Ke3
{[%clk 0:06:46]} Rfe6 {[%clk 0:09:49]} 28. Kf4 1/2-1/2

[Event "MPJ C16"]
[Site "?"]
[Date "2016.03.17"]
[Round "6.2"]
[White "Janik, Igor"]
[Black "Choina, Michal"]
[Result "1-0"]
[LiveChessVersion "1.4.8"]
[BlackElo "1792"]
[WhiteElo "2305"]

1. e4 {[%clk 1:30:53]} c5 {[%clk 1:29:58]} 2. Nf3 {[%clk 1:31:00]} e6
{[%clk 1:30:22]} 3. d4 cxd4 {[%clk 1:30:44]} 4. Nxd4 {[%clk 1:31:41]} a6
{[%clk 1:30:56]} 5. c4 {[%clk 1:31:52]} Nf6 {[%clk 1:31:09]} 6. Nc3
{[%clk 1:32:01]} d6 {[%clk 1:30:46]} 7. Be2 {[%clk 1:31:44]} Be7 {[%clk 1:29:59]}
8. O-O {[%clk 1:31:38]} O-O {[%clk 1:27:29]} 9. Be3 {[%clk 1:31:56]} Nbd7
{[%clk 1:27:08]} 10. Qd2 {[%clk 1:31:36]} Qc7 {[%clk 1:25:21]} 11. f3
{[%clk 1:30:34]} Ne5 {[%clk 1:23:43]} 12. Rfc1 {[%clk 1:30:32]} Bd7
{[%clk 1:22:08]} 13. b3 Rfc8 {[%clk 1:09:01]} 14. Bf1 {[%clk 1:17:11]} h6
{[%clk 1:07:06]} 15. h3 {[%clk 1:13:50]} Bf8 {[%clk 1:03:27]} 16. f4
{[%clk 1:12:31]} Ng6 {[%clk 1:02:46]} 17. Qf2 e5 {[%clk 0:58:23]} 18. Nde2
{[%clk 1:07:25]} exf4 {[%clk 0:57:20]} 19. Nxf4 {[%clk 1:07:27]} Nxf4
{[%clk 0:56:30]} 20. Bxf4 {[%clk 1:07:50]} Be7 {[%clk 0:51:41]} 21. Bd3
{[%clk 1:05:13]} Qc5 {[%clk 0:46:56]} 22. Be3 {[%clk 1:01:42]} Qe5
{[%clk 0:45:49]} 23. Bd4 {[%clk 1:00:46]} Qg5 {[%clk 0:45:19]} 24. Qf3
{[%clk 0:57:34]} b5 {[%clk 0:35:54]} 25. Rf1 {[%clk 0:50:32]} Rf8
{[%clk 0:33:59]} 26. Rae1 {[%clk 0:49:06]} Bc6 {[%clk 0:31:00]} 27. Nd5
{[%clk 0:46:17]} Bxd5 {[%clk 0:30:08]} 28. exd5 {[%clk 0:46:11]} Bd8
{[%clk 0:29:07]} 29. Qf2 {[%clk 0:31:36]} bxc4 {[%clk 0:27:14]} 30. bxc4
{[%clk 0:32:02]} Nd7 {[%clk 0:23:54]} 31. Re4 {[%clk 0:23:48]} Bf6
{[%clk 0:14:57]} 32. Be3 {[%clk 0:23:45]} Qh5 {[%clk 0:14:20]} 33. Be2
{[%clk 0:22:48]} Qg6 {[%clk 0:14:33]} 34. Rg4 {[%clk 0:22:24]} Qh7
{[%clk 0:14:33]} 35. Bd1 {[%clk 0:18:27]} h5 {[%clk 0:08:20]} 36. Bc2
{[%clk 0:18:05]} g6 {[%clk 0:08:47]} 37. Re4 Be5 {[%clk 0:06:22]} 38. c5
{[%clk 0:15:11]} f5 {[%clk 0:04:24]} 39. Rc4 Nxc5 {[%clk 0:02:59]} 40. Bxc5
{[%clk 0:44:30]} dxc5 {[%clk 0:32:41]} 41. Qxc5 {[%clk 0:44:04]} Rfc8
{[%clk 0:31:33]} 42. Qxc8+ {[%clk 0:43:50]} Rxc8 {[%clk 0:31:56]} 43. Rxc8+
{[%clk 0:44:19]} Kg7 {[%clk 0:26:13]} 44. Re8 {[%clk 0:40:23]} Bd6
{[%clk 0:19:00]} 45. Re6 {[%clk 0:39:49]} Bc5+ {[%clk 0:18:52]} 46. Kh1
{[%clk 0:40:11]} Qg8 {[%clk 0:14:04]} 47. Rd1 {[%clk 0:33:50]} Bb4
{[%clk 0:04:07]} 48. Bb3 {[%clk 0:32:11]} Qf8 {[%clk 0:02:28]} 49. d6
{[%clk 0:32:23]} Ba5 {[%clk 0:02:47]} 50. d7 {[%clk 0:32:03]} Bd8
{[%clk 0:03:11]} 51. Rdd6 f4 {[%clk 0:01:47]} 52. Rxg6+ {[%clk 0:31:07]} Kh7
{[%clk 0:01:33]} 53. Bc2 {[%clk 0:31:27]} 1-0

[Event "MPJ C16"]
[Site "?"]
[Date "2016.03.17"]
[Round "6.3"]
[White "Grela, Kacper"]
[Black "Zaleski, Lukasz"]
[Result "1-0"]
[LiveChessVersion "1.4.8"]
[BlackElo "2118"]
[WhiteElo "2296"]

1. e4 e6 2. d4 d5 3. Nd2 Nf6 4. e5 Nfd7 5. Bd3 c5 6. c3 Nc6 7. Ne2 cxd4 8. cxd4
f6 9. exf6 Nxf6 10. O-O Bd6 11. Nf3 O-O 12. Bf4 Bxf4 13. Nxf4 Ne4 14. Qc1 Ng5 15.
Nxg5 Qxg5 16. Bxh7+ Kxh7 17. Nxe6 Qf5 18. Nxf8+ Qxf8 19. Qg5 Qf5 20. Qh4+ Kg8 21.
Rae1 Bd7 22. Re3 Re8 23. h3 Qg6 24. Rxe8+ Qxe8 25. f3 Qe3+ 26. Qf2 Qd3 27. Rc1
Be6 28. Kh2 Bf7 29. Rc3 Qf5 30. Qe3 Qf6 31. Rb3 b6 32. Rd3 Bg6 33. Rd2 Qd6+ 34.
g3 Qf6 35. Kg2 Bf7 36. h4 Ne7 37. Qe5 Qh6 38. Qg5 Qe6 39. Kf2 Nc6 40. Qg4 Qf6 41.
Qg5 Qe6 42. g4 Qd6 43. Kg2 Nd8 44. Qe5 Qh6 45. Rc2 Nc6 46. Qf5 Be6 47. Qg5 Qxg5
48. hxg5 Nxd4 49. Rc7 a5 50. g6 Ne2 51. Rc6 d4 52. Kf2 Nf4 53. Rxb6 Kf8 54. Rd6
Bd5 55. Ra6 Nd3+ 56. Kg3 Nxb2 57. Rxa5 Bc6 58. Rc5 d3 59. Rxc6 d2 60. Rd6 d1=Q
61. Rxd1 Nxd1 62. a4 Nc3 63. a5 Ke7 64. g5 Kd6 65. f4 Ne4+ 66. Kg4 Nc5 67. f5 Ke7
68. Kh5 Na6 69. f6+ Kf8 70. Kg4 Nc5 71. Kf5 Na6 72. Ke6 Nc5+ 73. Kd5 Nd3 74. Kc6
Ne5+ 75. Kb7 Nd7 76. a6 Nc5+ 77. Kb6 Nxa6 78. Kxa6 Kg8 79. Kb7 Kf8 80. Kc7 Kg8
81. Kd6 Kf8 82. Kd7 Kg8 83. Ke8 Kh8 84. Kf8 gxf6 85. g7+ 1-0

[Event "MPJ C16"]
[Site "?"]
[Date "2016.03.17"]
[Round "6.4"]
[White "Szustakowski, Antoni"]
[Black "Chylewski, Patryk"]
[Result "1/2-1/2"]
[LiveChessVersion "1.4.8"]
[BlackElo "2087"]
[WhiteElo "1957"]

1. d4 Nf6 2. Bg5 Ne4 3. Bf4 d5 4. e3 Bf5 5. Bd3 e6 6. Nf3 Bd6 7. Bxd6 Nxd6 8. O-O
O-O 9. Bxf5 Nxf5 10. Nbd2 Nd6 11. Rc1 Nd7 12. c4 dxc4 13. Nxc4 Nxc4 14. Rxc4 Rc8
15. Qc2 Nb6 16. Rc5 Qe7 17. e4 c6 18. Rc1 Rfd8 19. h3 h6 20. a3 Re8 21. b4 Rcd8
22. Rc3 Nd7 23. Rd1 Nf6 24. Ne5 Nd7 25. Nf3 Nf6 26. Ne5 Nd7 27. Nf3 Nf6 28. Ne5
1/2-1/2

[Event "MPJ C16"]
[Site "?"]
[Date "2016.03.17"]
[Round "6.5"]
[White "Woloch, Oskar"]
[Black "Gumularz, Szymon"]
[Result "*"]
[LiveChessVersion "1.4.8"]
[BlackElo "2287"]
[WhiteElo "2195"]

1. e4 {[%clk 1:30:59]} c5 {[%clk 1:30:48]} 2. c4 {[%clk 1:31:24]} Nc6
{[%clk 1:30:48]} 3. Nc3 {[%clk 1:31:48]} g6 {[%clk 1:30:42]} 4. g3
{[%clk 1:32:14]} Bg7 {[%clk 1:31:06]} 5. Bg2 {[%clk 1:32:38]} e6 {[%clk 1:31:04]}
6. d3 {[%clk 1:33:01]} Nge7 {[%clk 1:30:18]} 7. Nge2 {[%clk 1:33:23]} d6
{[%clk 1:30:25]} 8. O-O {[%clk 1:33:40]} O-O {[%clk 1:30:47]} 9. Be3
{[%clk 1:33:39]} Nd4 {[%clk 1:24:22]} 10. Qd2 {[%clk 1:33:52]} Nec6
{[%clk 1:15:35]} 11. Bh6 {[%clk 1:33:56]} Rb8 {[%clk 1:14:01]} 12. Bxg7
{[%clk 1:33:00]} Kxg7 {[%clk 1:14:21]} 13. f4 {[%clk 1:26:47]} f5
{[%clk 1:09:35]} *

[Event "MPJ C16"]
[Site "?"]
[Date "2016.03.17"]
[Round "6.6"]
[White "Raczynski, Krzysztof"]
[Black "Karpus, Michal"]
[Result "0-1"]
[LiveChessVersion "1.4.8"]
[BlackElo "2221"]
[WhiteElo "1978"]

1. e4 {[%clk 1:30:54]} e5 {[%clk 1:30:46]} 2. Nf3 {[%clk 1:31:12]} Nc6
{[%clk 1:31:03]} 3. Bb5 {[%clk 1:31:20]} a6 {[%clk 1:31:14]} 4. Ba4
{[%clk 1:31:26]} Nf6 {[%clk 1:31:23]} 5. O-O {[%clk 1:31:23]} Be7
{[%clk 1:31:38]} 6. Re1 {[%clk 1:31:09]} b5 {[%clk 1:31:50]} 7. Bb3
{[%clk 1:31:16]} d6 {[%clk 1:32:02]} 8. c3 {[%clk 1:30:55]} O-O {[%clk 1:32:10]}
9. h3 {[%clk 1:30:45]} Na5 {[%clk 1:32:15]} 10. Bc2 {[%clk 1:30:34]} c5
{[%clk 1:32:19]} 11. d4 {[%clk 1:30:22]} Nd7 {[%clk 1:32:07]} 12. Nbd2
{[%clk 1:29:21]} exd4 {[%clk 1:31:48]} 13. cxd4 {[%clk 1:29:29]} Re8
{[%clk 1:31:47]} 14. d5 {[%clk 1:17:30]} Bf6 {[%clk 1:29:09]} 15. Rb1
{[%clk 1:09:30]} Nb6 {[%clk 1:27:54]} 16. Nf1 {[%clk 1:07:49]} Nac4
{[%clk 1:27:17]} 17. b3 {[%clk 0:55:08]} Ne5 {[%clk 1:26:45]} 18. Nxe5
{[%clk 0:53:04]} Bxe5 {[%clk 1:25:03]} 19. f4 {[%clk 0:51:00]} Bd4+
{[%clk 1:23:30]} 20. Be3 {[%clk 0:46:00]} Bxe3+ {[%clk 1:21:01]} 21. Nxe3
{[%clk 0:45:02]} Qf6 {[%clk 1:16:08]} 22. Rf1 {[%clk 0:40:45]} Bd7
{[%clk 1:06:26]} 23. Qd3 {[%clk 0:36:15]} Qh6 {[%clk 0:56:14]} 24. Ng4
{[%clk 0:26:54]} Qh4 {[%clk 0:48:49]} 25. Qf3 {[%clk 0:17:44]} Bxg4
{[%clk 0:46:13]} 26. hxg4 {[%clk 0:17:35]} Nd7 {[%clk 0:44:52]} 27. g5
{[%clk 0:16:10]} f6 {[%clk 0:44:00]} 28. g3 {[%clk 0:15:22]} Qh3 {[%clk 0:42:50]}
29. Rf2 {[%clk 0:14:38]} h5 {[%clk 0:36:41]} 30. Rh2 {[%clk 0:10:51]} Qg4
{[%clk 0:36:59]} 31. Qf2 {[%clk 0:10:12]} Nf8 {[%clk 0:34:37]} 32. Rh4
{[%clk 0:09:45]} Qd7 {[%clk 0:34:48]} 33. Rxh5 {[%clk 0:07:14]} g6
{[%clk 0:33:14]} 34. Rh6 {[%clk 0:05:30]} fxg5 {[%clk 0:32:49]} 35. fxg5
{[%clk 0:05:27]} Qg7 {[%clk 0:31:37]} 36. Qf6 {[%clk 0:04:46]} Qxf6
{[%clk 0:29:22]} 37. gxf6 {[%clk 0:05:14]} Re5 {[%clk 0:28:28]} 38. Rf1
{[%clk 0:03:23]} Ra7 {[%clk 0:28:11]} 39. a4 {[%clk 0:02:22]} Rh7
{[%clk 0:27:08]} 40. f7+ {[%clk 0:31:32]} Rxf7 {[%clk 0:57:01]} 41. Rh8+
{[%clk 0:27:00]} Kg7 {[%clk 0:56:50]} 42. Rxf7+ {[%clk 0:26:35]} Kxf7
{[%clk 0:57:11]} 43. Kf2 {[%clk 0:24:23]} Re8 {[%clk 0:53:43]} 44. Bd3
{[%clk 0:22:43]} Rb8 {[%clk 0:51:42]} 45. axb5 {[%clk 0:20:34]} axb5
{[%clk 0:52:01]} 46. Rh1 {[%clk 0:20:27]} Kf6 {[%clk 0:47:15]} 47. Ra1
{[%clk 0:19:52]} Nd7 {[%clk 0:44:18]} 48. Ra6 {[%clk 0:18:42]} Ke5
{[%clk 0:43:00]} 49. Ke3 {[%clk 0:16:03]} Nf6 {[%clk 0:40:33]} 50. Ra7
{[%clk 0:14:21]} Ng4+ {[%clk 0:40:30]} 51. Kf3 {[%clk 0:06:10]} Kd4
{[%clk 0:40:20]} 52. Kxg4 {[%clk 0:06:28]} Kxd3 {[%clk 0:40:43]} 53. Ra6
{[%clk 0:06:22]} Rd8 {[%clk 0:37:18]} 54. Kg5 {[%clk 0:05:49]} Kxe4
{[%clk 0:33:27]} 55. Kf6 {[%clk 0:05:00]} Kxd5 {[%clk 0:32:03]} 56. Ke7
{[%clk 0:05:09]} Rc8 {[%clk 0:29:09]} 57. Rxd6+ {[%clk 0:05:34]} Ke4
{[%clk 0:29:29]} 58. Kd7 {[%clk 0:04:59]} Rb8 {[%clk 0:29:22]} 59. Kc7
{[%clk 0:02:26]} Rg8 {[%clk 0:29:22]} 60. Kb6 {[%clk 0:01:54]} c4
{[%clk 0:29:30]} 61. b4 {[%clk 0:01:07]} c3 {[%clk 0:27:51]} 62. Kxb5
{[%clk 0:01:03]} c2 {[%clk 0:26:36]} 63. Rc6 {[%clk 0:01:17]} Kd3
{[%clk 0:26:58]} 64. Ka4 {[%clk 0:01:03]} Kd2 {[%clk 0:26:59]} 65. Rd6+
{[%clk 0:01:07]} Kc3 {[%clk 0:27:21]} 66. Rc6+ {[%clk 0:00:57]} Kb2
{[%clk 0:27:44]} 0-1

[Event "MPJ C16"]
[Site "?"]
[Date "2016.03.17"]
[Round "6.7"]
[White "Bilczewski, Kacper"]
[Black "Garbowski, Jakub"]
[Result "0-1"]
[LiveChessVersion "1.4.8"]
[BlackElo "1994"]
[WhiteElo "2046"]

1. f4 {[%clk 1:30:58]} b6 {[%clk 1:30:46]} 2. Nf3 {[%clk 1:30:37]} Bb7
{[%clk 1:31:03]} 3. e3 {[%clk 1:29:03]} c5 {[%clk 1:27:32]} 4. Be2
{[%clk 1:28:17]} g6 {[%clk 1:26:09]} 5. O-O {[%clk 1:28:13]} Nf6 {[%clk 1:25:27]}
6. d3 {[%clk 1:28:04]} d5 {[%clk 1:24:19]} 7. Ne5 {[%clk 1:21:25]} Bg7
{[%clk 1:21:22]} 8. Bf3 {[%clk 1:17:50]} Qc7 {[%clk 1:08:23]} 9. Nc3
{[%clk 0:59:51]} Nbd7 {[%clk 0:53:42]} 10. Nxd7 {[%clk 0:55:09]} Qxd7
{[%clk 0:50:47]} 11. e4 {[%clk 0:53:56]} dxe4 {[%clk 0:45:03]} 12. dxe4
{[%clk 0:54:20]} Rd8 {[%clk 0:36:24]} 13. Be3 {[%clk 0:46:39]} Qc8
{[%clk 0:30:37]} 14. Qe2 {[%clk 0:39:23]} O-O {[%clk 0:29:33]} 15. Rfd1
{[%clk 0:36:26]} Ba6 {[%clk 0:28:16]} 16. Nb5 {[%clk 0:23:10]} Bxb5
{[%clk 0:27:15]} 17. Qxb5 {[%clk 0:23:51]} Ng4 {[%clk 0:27:33]} 18. Bxg4
{[%clk 0:02:44]} Qxg4 {[%clk 0:26:59]} 19. Rd3 {[%clk 0:03:06]} e5
{[%clk 0:24:26]} 20. Rf1 {[%clk 0:00:44]} exf4 {[%clk 0:19:10]} 21. Rxf4
{[%clk 0:01:03]} Qe6 {[%clk 0:19:16]} 22. b3 {[%clk 0:00:49]} Rxd3
{[%clk 0:16:04]} 23. Qxd3 {[%clk 0:01:16]} Re8 {[%clk 0:16:12]} 24. h3
{[%clk 0:00:33]} f5 {[%clk 0:12:50]} 25. Rf1 {[%clk 0:00:35]} Qxe4
{[%clk 0:12:26]} 26. Qxe4 {[%clk 0:00:44]} Rxe4 {[%clk 0:12:48]} 27. Bf2
{[%clk 0:01:13]} Kf7 {[%clk 0:12:23]} 28. Re1 {[%clk 0:01:25]} Bd4
{[%clk 0:10:56]} 29. Rd1 {[%clk 0:01:25]} Ke6 {[%clk 0:09:25]} 30. Bxd4
{[%clk 0:01:38]} cxd4 {[%clk 0:09:28]} 31. Kf2 {[%clk 0:01:59]} Kd5
{[%clk 0:08:27]} 32. Rd3 {[%clk 0:01:56]} g5 {[%clk 0:05:00]} 33. c4+
{[%clk 0:00:42]} Kc5 {[%clk 0:04:28]} 34. a3 {[%clk 0:01:06]} a5 {[%clk 0:04:51]}
35. Rg3 {[%clk 0:00:34]} h6 {[%clk 0:05:06]} 36. Rd3 {[%clk 0:00:40]} f4
{[%clk 0:04:53]} 37. Rd2 {[%clk 0:00:39]} Re3 {[%clk 0:05:13]} 38. Rb2
{[%clk 0:01:05]} d3 {[%clk 0:05:26]} 0-1

[Event "MPJ C16"]
[Site "?"]
[Date "2016.03.17"]
[Round "6.8"]
[White "Klementowski, Dawid"]
[Black "Drozdowski, Konrad"]
[Result "1/2-1/2"]
[LiveChessVersion "1.4.8"]
[BlackElo "2037"]
[WhiteElo "1904"]

1. d4 {[%clk 1:30:56]} d5 {[%clk 1:30:46]} 2. c4 {[%clk 1:31:15]} e6
{[%clk 1:30:47]} 3. Nc3 {[%clk 1:31:34]} c6 {[%clk 1:31:13]} 4. e4
{[%clk 1:31:59]} dxe4 {[%clk 1:31:31]} 5. Nxe4 {[%clk 1:32:25]} Bb4+
{[%clk 1:31:46]} 6. Bd2 {[%clk 1:32:50]} Qxd4 {[%clk 1:30:43]} 7. Bxb4
{[%clk 1:33:13]} Qxe4+ {[%clk 1:31:11]} 8. Ne2 {[%clk 1:33:35]} Na6
{[%clk 1:31:17]} 9. Bf8 {[%clk 1:33:58]} Ne7 {[%clk 1:31:30]} 10. Bxg7
{[%clk 1:34:22]} Rg8 {[%clk 1:31:46]} 11. Qd4 {[%clk 1:34:47]} Qxd4
{[%clk 1:30:34]} 12. Bxd4 {[%clk 1:35:11]} c5 {[%clk 1:29:38]} 13. Bf6
{[%clk 1:31:28]} Bd7 {[%clk 1:23:29]} 14. f3 {[%clk 1:18:19]} Rg6
{[%clk 1:15:07]} 15. Bc3 {[%clk 1:18:36]} O-O-O {[%clk 1:07:38]} 16. Nf4
{[%clk 1:16:05]} Rgg8 {[%clk 1:05:23]} 17. Kf2 {[%clk 1:03:39]} Nc6
{[%clk 1:00:29]} 18. Bf6 {[%clk 1:01:57]} Rdf8 {[%clk 0:53:08]} 19. Bd3
{[%clk 1:02:09]} Rg6 {[%clk 0:52:49]} 20. Nxg6 {[%clk 1:01:21]} fxg6
{[%clk 0:52:39]} 21. Bc3 {[%clk 1:01:28]} Rf4 {[%clk 0:48:49]} 22. b3
{[%clk 0:56:25]} Nd4 {[%clk 0:48:05]} 23. Rae1 {[%clk 0:54:35]} Bc6
{[%clk 0:42:34]} 24. Be4 {[%clk 0:51:52]} Bxe4 {[%clk 0:38:14]} 25. Rxe4
{[%clk 0:52:17]} Rxe4 {[%clk 0:38:39]} 26. fxe4 {[%clk 0:52:43]} e5
{[%clk 0:38:53]} 27. Ke3 {[%clk 0:52:06]} Kd7 {[%clk 0:38:52]} 28. Rf1
{[%clk 0:52:09]} Ke7 {[%clk 0:39:15]} 29. Kd3 {[%clk 0:52:15]} b6
{[%clk 0:36:35]} 30. Bd2 {[%clk 0:51:48]} Ne6 {[%clk 0:36:52]} 31. a3
{[%clk 0:49:07]} Nb8 {[%clk 0:34:43]} 32. b4 {[%clk 0:47:50]} Nd7
{[%clk 0:33:03]} 33. b5 {[%clk 0:47:11]} Nd4 {[%clk 0:31:46]} 34. a4
{[%clk 0:47:00]} Nb3 {[%clk 0:24:55]} 35. Bc3 {[%clk 0:46:45]} Na5
{[%clk 0:25:11]} 36. g4 {[%clk 0:46:05]} Ke6 {[%clk 0:23:58]} 37. g5
{[%clk 0:45:52]} Nb7 {[%clk 0:20:29]} 38. a5 {[%clk 0:45:04]} Nd8
{[%clk 0:20:06]} 39. axb6 {[%clk 0:43:24]} axb6 {[%clk 0:20:24]} 40. h4
{[%clk 1:13:37]} Ke7 {[%clk 0:50:24]} 41. Ra1 {[%clk 1:09:25]} Nf7
{[%clk 0:42:36]} 42. Ra7 {[%clk 1:08:30]} Ke8 {[%clk 0:42:42]} 43. Rc7
{[%clk 1:07:19]} Kd8 {[%clk 0:42:39]} 44. Rc6 {[%clk 1:07:28]} Ke7
{[%clk 0:41:59]} 45. Bb2 {[%clk 1:04:09]} Nd8 {[%clk 0:37:45]} 46. Rc7
{[%clk 1:04:22]} Nf7 {[%clk 0:38:05]} 47. Rc8 {[%clk 1:04:11]} Nd8
{[%clk 0:38:28]} 48. Ba3 {[%clk 1:04:29]} Ke8 {[%clk 0:38:33]} 49. Rc7
{[%clk 1:04:43]} Nf7 {[%clk 0:37:49]} 50. Rc6 {[%clk 1:05:04]} Nd8
{[%clk 0:36:51]} 51. Rd6 {[%clk 1:04:08]} Nb7 {[%clk 0:36:03]} 52. Re6+
{[%clk 1:03:39]} Kf7 {[%clk 0:35:52]} 53. Rc6 {[%clk 1:03:55]} Ke7
{[%clk 0:34:23]} 54. h5 {[%clk 1:04:01]} Nd6 {[%clk 0:34:22]} 55. hxg6
{[%clk 1:02:10]} hxg6 {[%clk 0:33:07]} 56. Bb2 {[%clk 1:01:53]} Ke6
{[%clk 0:32:55]} 57. Rc7 {[%clk 1:01:40]} Ne8 {[%clk 0:28:09]} 58. Rxd7
{[%clk 1:00:37]} Kxd7 {[%clk 0:28:13]} 59. Bxe5 {[%clk 1:01:05]} Ke6
{[%clk 0:26:58]} 60. Bg3 {[%clk 1:00:37]} Kd7 {[%clk 0:26:52]} 61. Ke3
{[%clk 0:53:40]} Ng7 {[%clk 0:23:00]} 62. Be5 {[%clk 0:51:08]} Ne6
{[%clk 0:22:14]} 63. Bf6 {[%clk 0:51:24]} Kd6 {[%clk 0:21:25]} 64. Kf3
{[%clk 0:50:23]} Kd7 {[%clk 0:21:06]} 65. Kg3 {[%clk 0:49:57]} Kd6
{[%clk 0:21:17]} 66. Kg4 {[%clk 0:50:08]} Kd7 {[%clk 0:21:34]} 67. Be5
{[%clk 0:50:25]} Ke7 {[%clk 0:19:58]} 68. Bg3 {[%clk 0:50:34]} Kd7
{[%clk 0:20:17]} 69. Bb8 {[%clk 0:50:50]} Kc8 {[%clk 0:20:31]} 70. Bf4
{[%clk 0:50:45]} Kd7 {[%clk 0:20:54]} 71. Be3 {[%clk 0:51:10]} Kc7
{[%clk 0:20:46]} 72. e5 {[%clk 0:51:11]} Kd7 {[%clk 0:20:32]} 73. Kf3
{[%clk 0:51:36]} Nd8 {[%clk 0:19:01]} 74. Ke4 {[%clk 0:51:34]} Ke6
{[%clk 0:19:24]} 1/2-1/2

[Event "MPJ C16"]
[Site "?"]
[Date "2016.03.17"]
[Round "6.9"]
[White "Wyczling, Bartosz"]
[Black "Klepek, Witold"]
[Result "0-1"]
[LiveChessVersion "1.4.8"]
[BlackElo "2018"]
[WhiteElo "1959"]

1. d4 {[%clk 1:30:52]} Nf6 {[%clk 1:30:54]} 2. c4 {[%clk 1:31:09]} c5
{[%clk 1:31:21]} 3. d5 {[%clk 1:31:22]} b5 {[%clk 1:31:47]} 4. cxb5
{[%clk 1:31:37]} a6 {[%clk 1:32:12]} 5. b6 {[%clk 1:31:31]} e6 {[%clk 1:32:38]}
6. Nc3 {[%clk 1:22:42]} Nxd5 {[%clk 1:32:55]} 7. Nxd5 {[%clk 1:22:27]} exd5
{[%clk 1:33:22]} 8. Qxd5 {[%clk 1:20:38]} Nc6 {[%clk 1:33:48]} 9. Nf3
{[%clk 1:16:03]} Rb8 {[%clk 1:33:31]} 10. Bd2 {[%clk 0:54:32]} Be7
{[%clk 1:27:37]} 11. Bc3 {[%clk 0:52:58]} O-O {[%clk 1:27:26]} 12. e3
{[%clk 0:52:00]} Rxb6 {[%clk 1:24:16]} 13. Bd3 {[%clk 0:50:34]} Nb4
{[%clk 1:23:52]} 14. Bxb4 {[%clk 0:43:01]} Rxb4 {[%clk 1:15:20]} 15. b3
{[%clk 0:37:58]} Bb7 {[%clk 1:13:26]} 16. Qh5 {[%clk 0:37:28]} g6
{[%clk 1:13:21]} 17. Qh3 {[%clk 0:37:08]} d5 {[%clk 1:12:59]} 18. g3
{[%clk 0:19:23]} c4 {[%clk 1:07:28]} 19. Be2 {[%clk 0:18:33]} cxb3
{[%clk 1:07:08]} 20. axb3 {[%clk 0:18:39]} Rxb3 {[%clk 1:07:06]} 21. O-O
{[%clk 0:18:22]} Bf6 {[%clk 1:06:35]} 22. Ra4 {[%clk 0:14:54]} Bc8
{[%clk 1:05:09]} 23. Qg2 {[%clk 0:13:15]} a5 {[%clk 1:05:12]} 24. Nd4
{[%clk 0:12:17]} Rb4 {[%clk 1:05:25]} 25. Nc6 {[%clk 0:10:30]} Qd7
{[%clk 1:05:33]} 26. Rxb4 {[%clk 0:09:30]} axb4 {[%clk 1:05:59]} 27. Nxb4
{[%clk 0:09:33]} Bb7 {[%clk 1:05:44]} 28. Bf3 {[%clk 0:09:24]} Rd8
{[%clk 1:03:22]} 29. h4 {[%clk 0:01:31]} Qb5 {[%clk 1:03:24]} 30. Na2
{[%clk 0:00:58]} Ba6 {[%clk 1:02:52]} 31. Rd1 {[%clk 0:00:50]} Qa4
{[%clk 1:00:14]} 32. Nc1 {[%clk 0:00:42]} d4 {[%clk 1:00:24]} 33. Re1
{[%clk 0:00:33]} d3 {[%clk 1:00:39]} 34. Nxd3 {[%clk 0:00:35]} Rxd3
{[%clk 0:59:18]} 35. Be2 {[%clk 0:00:34]} Rd8 {[%clk 0:59:37]} 36. Bf3
{[%clk 0:00:52]} Qb4 {[%clk 0:58:09]} 37. Rc1 {[%clk 0:01:00]} Bc3
{[%clk 0:58:25]} 38. Kh2 {[%clk 0:00:40]} Qb2 {[%clk 0:58:25]} 39. Qg1
{[%clk 0:00:41]} Rd2 {[%clk 0:58:17]} 40. Kg2 {[%clk 0:31:06]} Bb7
{[%clk 1:27:14]} 41. Bxb7 {[%clk 0:30:13]} Qxb7+ {[%clk 1:27:36]} 42. Kh2
{[%clk 0:30:30]} Qf3 {[%clk 1:27:35]} 43. Rxc3 {[%clk 0:27:41]} Rxf2+
{[%clk 1:28:00]} 44. Qxf2 {[%clk 0:27:58]} Qxf2+ {[%clk 1:28:20]} 45. Kh3
{[%clk 0:28:18]} Qe1 {[%clk 1:28:28]} 46. Ra3 {[%clk 0:26:30]} Qh1+
{[%clk 1:28:51]} 47. Kg4 {[%clk 0:26:52]} f5+ {[%clk 1:28:33]} 48. Kg5
{[%clk 0:26:40]} Qb7 {[%clk 1:28:50]} 49. Rd3 {[%clk 0:24:22]} Kg7
{[%clk 1:29:07]} 50. Rd4 {[%clk 0:24:27]} Qc7 {[%clk 1:29:21]} 0-1

[Event "MPJ C16"]
[Site "?"]
[Date "2016.03.17"]
[Round "6.10"]
[White "Kowalski, Igor"]
[Black "Holownia, Michal"]
[Result "1-0"]
[LiveChessVersion "1.4.8"]
[BlackElo "2006"]
[WhiteElo "2088"]

1. e4 {[%clk 1:30:58]} e5 {[%clk 1:30:49]} 2. Nf3 {[%clk 1:31:24]} Nc6
{[%clk 1:31:13]} 3. Bc4 {[%clk 1:31:51]} Bc5 {[%clk 1:31:33]} 4. c3
{[%clk 1:32:17]} Nf6 {[%clk 1:31:46]} 5. d4 {[%clk 1:32:33]} exd4
{[%clk 1:31:56]} 6. e5 {[%clk 1:32:55]} d5 {[%clk 1:31:41]} 7. Bb5
{[%clk 1:33:19]} Ne4 {[%clk 1:31:54]} 8. cxd4 {[%clk 1:33:44]} Bb6
{[%clk 1:32:06]} 9. Nc3 {[%clk 1:34:00]} Bg4 {[%clk 1:16:19]} 10. h3
{[%clk 1:32:46]} Bh5 {[%clk 1:11:16]} 11. Qc2 {[%clk 1:25:08]} O-O
{[%clk 0:58:27]} 12. Be3 {[%clk 1:17:30]} f5 {[%clk 0:54:40]} 13. Nxd5
{[%clk 0:58:29]} Ba5+ {[%clk 0:44:43]} 14. Kf1 {[%clk 0:49:25]} Kh8
{[%clk 0:23:12]} 15. Bxc6 {[%clk 0:35:14]} bxc6 {[%clk 0:23:32]} 16. Nf4
{[%clk 0:35:05]} Bf7 {[%clk 0:20:53]} 17. Qa4 {[%clk 0:32:53]} Bb6
{[%clk 0:19:47]} 18. Qxc6 {[%clk 0:33:08]} g5 {[%clk 0:16:12]} 19. Ne6
{[%clk 0:26:29]} Bxe6 {[%clk 0:16:17]} 20. Qxe6 {[%clk 0:26:54]} f4
{[%clk 0:16:17]} 21. Qc6 {[%clk 0:23:49]} fxe3 {[%clk 0:13:45]} 22. Qxe4
{[%clk 0:23:43]} Rf4 {[%clk 0:11:23]} 23. Qxe3 {[%clk 0:20:52]} Bxd4
{[%clk 0:11:42]} 24. Qe2 {[%clk 0:13:47]} Qf8 {[%clk 0:05:14]} 25. Rd1
{[%clk 0:12:28]} Bb6 {[%clk 0:05:35]} 26. Qd3 {[%clk 0:05:47]} Qb4
{[%clk 0:04:41]} 27. Rd2 {[%clk 0:02:54]} Qc5 {[%clk 0:04:49]} 28. Kg1
{[%clk 0:02:17]} Qe7 {[%clk 0:04:15]} 29. Kh2 {[%clk 0:01:59]} Re8
{[%clk 0:02:38]} 30. Qd7 {[%clk 0:01:54]} h6 {[%clk 0:01:52]} 31. Qxe7
{[%clk 0:01:55]} Rxe7 {[%clk 0:02:20]} 32. Kg3 {[%clk 0:01:59]} Rf8
{[%clk 0:01:15]} 33. Rhd1 {[%clk 0:02:21]} Kg7 {[%clk 0:01:35]} 34. Rd8
{[%clk 0:02:14]} Rxd8 {[%clk 0:01:33]} 35. Rxd8 {[%clk 0:02:39]} c6
{[%clk 0:01:44]} 36. Rd6 {[%clk 0:02:48]} c5 {[%clk 0:02:07]} 37. Rc6
{[%clk 0:03:07]} Kh7 {[%clk 0:02:17]} 38. Nd2 {[%clk 0:03:10]} Rxe5
{[%clk 0:02:33]} 39. Nc4 {[%clk 0:03:34]} 1-0